| 000 | 01018cab a22001935a 4500 | ||
|---|---|---|---|
| 001 | L147162 | ||
| 008 | 090407e20090320xxk f 000 0 eng d | ||
| 035 | _a(Sirsi) u147162 | ||
| 041 | 0 | _aeng | |
| 100 | 1 | _aJames, Adrian | |
| 245 | 0 | 0 | _aSupplies in store |
| 260 | _c2009 | ||
| 490 | 0 |
_aPlanning (for the Natural and Built Environment) _v(1810) 20 March 2009, 19(1) |
|
| 520 | _aNotes current lack of underground gas storage facilities in the UK. Highlights a number of planning issues relating to their provision. These include locating buildings and plant to minimise visual intrusion, contolling vehicular activity and routes, controlling noise and light emissions, night-time drilling operations and disposal of waste materials. Concludes that underground gas storage facilities have an extremely low incident rate compared with other sectors of the energy supply industry. | ||
| 590 | _aKA | ||
| 651 | 4 |
_aUnited Kingdom _y |
|
| 690 | _aENVIRONMENT AND LAND CONSULTANCY-PLANNING AND DEVELOPMENT | ||
| 942 | _n0 | ||
| 999 |
_c81413 _d81413 |
||